000 00527nam a2200205Ia 4500
003 OSt
005 20220505121323.0
008 210210b2012 xxu||||| |||| 00| 0 eng d
020 _a8121928109
040 _aAL
_c
041 _aeng
082 _a581 PANB
100 _aPANDEY (B P)
_933997
245 _aBotany for degree students: BSc second year
_bAs per UGC model curriculum
260 _aNew Delhi
_bS. Chand & Co. Ltd.
_c2012
300 _axvi-702
650 _aBotany
_934004
906 _a065751
942 _2ddc
_cBK
999 _c146506
_d146506